[Event "d12"]
[Site "?"]
[Date "2020.08.28"]
[Round "10.2"]
[White "Zielinska, Aleksandra"]
[Black "Natoli, Alessia"]
[Result "1-0"]
[BlackElo "1399"]
[WhiteElo "1196"]
[LiveChessVersion "1.4.8"]

1. e4 {[%clk 0:15:19]} c5 {[%clk 0:15:16]} 2. Nf3 {[%clk 0:15:27]} e6
{[%clk 0:15:17]} 3. d4 {[%clk 0:15:32]} cxd4 {[%clk 0:15:16]} 4. Nxd4
{[%clk 0:15:38]} Nf6 {[%clk 0:15:05]} 5. Nc3 {[%clk 0:15:21]} Bb4
{[%clk 0:14:54]} 6. Bd3 {[%clk 0:14:20]} Nc6 {[%clk 0:14:33]} 7. Nxc6
{[%clk 0:14:20]} bxc6 {[%clk 0:14:32]} 8. O-O {[%clk 0:14:03]} Bxc3
{[%clk 0:14:04]} 9. bxc3 {[%clk 0:14:10]} d5 {[%clk 0:14:08]} 10. exd5
{[%clk 0:13:59]} cxd5 {[%clk 0:14:01]} 11. c4 {[%clk 0:13:32]} O-O
{[%clk 0:13:23]} 12. cxd5 {[%clk 0:12:43]} Qxd5 {[%clk 0:11:45]} 13. Bb2
{[%clk 0:10:52]} Bb7 {[%clk 0:09:43]} 14. f3 {[%clk 0:10:49]} e5 {[%clk 0:09:47]}
15. Qe2 {[%clk 0:09:02]} Rfe8 {[%clk 0:09:11]} 16. Qf2 {[%clk 0:07:28]} Kh8
{[%clk 0:05:46]} 17. a3 {[%clk 0:07:01]} Qa5 {[%clk 0:03:53]} 18. Rab1
{[%clk 0:03:09]} Ba6 {[%clk 0:03:39]} 19. Bxa6 {[%clk 0:03:00]} Qxa6
{[%clk 0:03:47]} 20. Rfe1 {[%clk 0:03:03]} Nd7 {[%clk 0:03:03]} 21. Qg3
{[%clk 0:02:36]} f6 {[%clk 0:02:55]} 22. Qf2 {[%clk 0:02:03]} Qc6
{[%clk 0:02:53]} 23. Rbd1 {[%clk 0:01:44]} Red8 {[%clk 0:02:43]} 24. f4
{[%clk 0:01:31]} e4 {[%clk 0:01:44]} 25. Bd4 {[%clk 0:00:55]} a6 {[%clk 0:01:25]}
26. c3 {[%clk 0:00:49]} f5 {[%clk 0:01:18]} 27. Qg3 {[%clk 0:00:58]} Nf6
{[%clk 0:01:25]} 28. h3 {[%clk 0:00:55]} Qe6 {[%clk 0:01:02]} 29. Rb1
{[%clk 0:00:50]} Rab8 {[%clk 0:00:53]} 30. Be5 {[%clk 0:00:51]} Rxb1
{[%clk 0:00:56]} 31. Rxb1 {[%clk 0:01:00]} Kg8 {[%clk 0:01:00]} 32. Bd4
{[%clk 0:01:02]} Kf7 {[%clk 0:00:48]} 33. Rb6 {[%clk 0:00:52]} Qe7
{[%clk 0:00:31]} 34. Rxa6 {[%clk 0:00:46]} Rd7 {[%clk 0:00:40]} 35. Rb6
{[%clk 0:00:51]} Qd8 {[%clk 0:00:46]} 36. Rb4 {[%clk 0:00:52]} Qa8
{[%clk 0:00:50]} 37. a4 {[%clk 0:00:55]} Qa5 {[%clk 0:00:49]} 38. Qf2
{[%clk 0:00:54]} Qa6 {[%clk 0:00:46]} 39. Qb2 {[%clk 0:00:47]} Nd5
{[%clk 0:00:52]} 40. Qb3 {[%clk 0:00:41]} Ke7 {[%clk 0:00:41]} 41. Rb5
{[%clk 0:00:40]} Qc6 {[%clk 0:00:44]} 42. Bxg7 {[%clk 0:00:31]} e3
{[%clk 0:00:40]} 43. c4 {[%clk 0:00:25]} Nxf4 {[%clk 0:00:36]} 44. Qxe3+
{[%clk 0:00:32]} Ne6 {[%clk 0:00:45]} 45. Rb6 {[%clk 0:00:33]} Qxc4
{[%clk 0:00:38]} 46. a5 {[%clk 0:00:25]} Kf7 {[%clk 0:00:33]} 47. Bh6
{[%clk 0:00:30]} Rd1+ {[%clk 0:00:23]} 48. Kh2 {[%clk 0:00:39]} Qc7+
{[%clk 0:00:31]} 49. Bf4 {[%clk 0:00:18]} Qxf4+ {[%clk 0:00:39]} 50. Qxf4
{[%clk 0:00:25]} Nxf4 {[%clk 0:00:47]} 51. Rb7+ {[%clk 0:00:34]} Kg6
{[%clk 0:00:55]} 52. a6 {[%clk 0:00:43]} Ra1 {[%clk 0:01:01]} 53. a7
{[%clk 0:00:52]} Ne6 {[%clk 0:01:06]} 54. Rb6 {[%clk 0:00:43]} Kf6
{[%clk 0:01:14]} 55. Rb7 {[%clk 0:00:50]} Ke5 {[%clk 0:01:20]} 56. Rxh7
{[%clk 0:00:57]} Kd6 {[%clk 0:01:22]} 57. Rf7 {[%clk 0:00:42]} f4
{[%clk 0:01:17]} 58. h4 {[%clk 0:00:39]} Ra2 {[%clk 0:01:24]} 59. h5
{[%clk 0:00:22]} Nc7 {[%clk 0:01:27]} 60. h6 {[%clk 0:00:25]} Ra5
{[%clk 0:01:30]} 61. g4 {[%clk 0:00:16]} fxg3+ {[%clk 0:01:06]} 62. Kxg3
{[%clk 0:00:25]} Na8 {[%clk 0:01:13]} 63. h7 {[%clk 0:00:20]} Rh5
{[%clk 0:01:22]} 64. Rf8 {[%clk 0:00:22]} Rxh7 {[%clk 0:01:30]} 65. Rxa8
{[%clk 0:00:31]} Kc6 {[%clk 0:01:37]} 66. Rc8+ {[%clk 0:00:39]} Kb6
{[%clk 0:01:41]} 67. a8=Q {[%clk 0:00:44]} Rg7+ {[%clk 0:01:49]} 68. Kh4
{[%clk 0:00:46]} Rh7+ {[%clk 0:01:58]} 69. Kg5 {[%clk 0:00:55]} Rg7+
{[%clk 0:02:05]} 70. Kf6 {[%clk 0:01:02]} Rb7 {[%clk 0:02:14]} 71. Rb8
{[%clk 0:01:07]} Rxb8 {[%clk 0:02:19]} 72. Qxb8+ {[%clk 0:01:16]} Kc5
{[%clk 0:02:28]} 73. Ke5 {[%clk 0:01:19]} Kc4 {[%clk 0:02:36]} 74. Qd6
{[%clk 0:01:18]} Kc3 {[%clk 0:02:44]} 75. Qd5 {[%clk 0:01:25]} Kc2
{[%clk 0:02:53]} 76. Qd4 {[%clk 0:01:34]} Kc1 {[%clk 0:02:58]} 77. Qd3
{[%clk 0:01:42]} Kb2 {[%clk 0:03:06]} 78. Qc4 {[%clk 0:01:51]} Ka1
{[%clk 0:03:14]} 79. Qb4 {[%clk 0:01:59]} 1-0

[Event "d12"]
[Site "?"]
[Date "2020.08.28"]
[Round "10.3"]
[White "Wojs, Alicja"]
[Black "Salamon, Julia"]
[Result "1-0"]
[BlackElo "1324"]
[WhiteElo "1432"]
[LiveChessVersion "1.4.8"]

1. e4 {[%clk 0:15:19]} c5 {[%clk 0:15:19]} 2. Nf3 {[%clk 0:15:28]} e6
{[%clk 0:15:19]} 3. d4 {[%clk 0:15:36]} cxd4 {[%clk 0:15:27]} 4. Nxd4
{[%clk 0:15:44]} Nf6 {[%clk 0:15:36]} 5. Bd3 {[%clk 0:15:52]} Nc6
{[%clk 0:15:14]} 6. Nxc6 {[%clk 0:15:59]} bxc6 {[%clk 0:15:15]} 7. O-O
{[%clk 0:15:51]} d5 {[%clk 0:13:42]} 8. Qe2 {[%clk 0:15:33]} Be7 {[%clk 0:12:57]}
9. Nd2 {[%clk 0:14:41]} O-O {[%clk 0:12:44]} 10. c4 {[%clk 0:14:39]} Bb7
{[%clk 0:11:14]} 11. b3 {[%clk 0:14:14]} Qc7 {[%clk 0:10:44]} 12. Bb2
{[%clk 0:14:00]} Rad8 {[%clk 0:10:28]} 13. e5 {[%clk 0:13:46]} Nd7
{[%clk 0:09:52]} 14. f4 {[%clk 0:13:23]} Qb6+ {[%clk 0:09:39]} 15. Kh1
{[%clk 0:13:26]} d4 {[%clk 0:09:39]} 16. f5 {[%clk 0:12:45]} exf5
{[%clk 0:06:38]} 17. Bxf5 {[%clk 0:12:17]} c5 {[%clk 0:05:35]} 18. e6
{[%clk 0:12:06]} fxe6 {[%clk 0:05:22]} 19. Bxe6+ {[%clk 0:12:13]} Kh8
{[%clk 0:05:31]} 20. Bxd7 {[%clk 0:10:31]} Rxd7 {[%clk 0:04:13]} 21. Qxe7
{[%clk 0:10:24]} Rxf1+ {[%clk 0:02:52]} 22. Rxf1 {[%clk 0:10:32]} Bxg2+
{[%clk 0:03:01]} 23. Kg1 {[%clk 0:10:13]} h6 {[%clk 0:02:34]} 24. Rf8+
{[%clk 0:10:05]} Kh7 {[%clk 0:02:40]} 25. Qxd7 {[%clk 0:10:13]} Qg6
{[%clk 0:02:24]} 26. Qf5 {[%clk 0:09:54]} Be4+ {[%clk 0:02:22]} 27. Qxg6+
{[%clk 0:10:02]} Bxg6 {[%clk 0:02:30]} 28. Ra8 {[%clk 0:10:07]} Bc2
{[%clk 0:02:29]} 29. Rxa7 {[%clk 0:10:11]} Kg6 {[%clk 0:02:36]} 30. Rc7
{[%clk 0:10:12]} Kf5 {[%clk 0:02:44]} 31. Rxc5+ {[%clk 0:10:19]} Kf4
{[%clk 0:02:51]} 32. Bxd4 {[%clk 0:10:24]} 1-0

[Event "d12"]
[Site "?"]
[Date "2020.08.28"]
[Round "10.4"]
[White "Sliwicka, Weronika"]
[Black "Sprzeczka, Emilia"]
[Result "0-1"]
[BlackElo "1381"]
[WhiteElo "1285"]
[LiveChessVersion "1.4.8"]

1. e4 {[%clk 0:15:18]} e5 {[%clk 0:15:18]} 2. Nf3 {[%clk 0:15:26]} Nc6
{[%clk 0:15:26]} 3. Nc3 {[%clk 0:15:34]} Nf6 {[%clk 0:15:33]} 4. d3
{[%clk 0:15:36]} Bb4 {[%clk 0:15:27]} 5. a3 {[%clk 0:15:40]} Bc5 {[%clk 0:15:08]}
6. Be3 {[%clk 0:15:46]} Bb6 {[%clk 0:15:08]} 7. h3 {[%clk 0:15:50]} h6
{[%clk 0:15:10]} 8. Be2 {[%clk 0:15:57]} d6 {[%clk 0:15:17]} 9. O-O
{[%clk 0:16:03]} O-O {[%clk 0:15:19]} 10. d4 {[%clk 0:15:33]} exd4
{[%clk 0:15:05]} 11. Nxd4 {[%clk 0:15:39]} Re8 {[%clk 0:14:48]} 12. Bf3
{[%clk 0:15:17]} Be6 {[%clk 0:13:13]} 13. Nxc6 {[%clk 0:14:50]} bxc6
{[%clk 0:13:01]} 14. Bxb6 {[%clk 0:14:58]} axb6 {[%clk 0:12:32]} 15. e5
{[%clk 0:14:53]} Nd5 {[%clk 0:12:28]} 16. Nxd5 {[%clk 0:13:14]} Bxd5
{[%clk 0:12:27]} 17. exd6 {[%clk 0:13:21]} Qxd6 {[%clk 0:12:22]} 18. Bxd5
{[%clk 0:11:23]} cxd5 {[%clk 0:12:02]} 19. Qd3 {[%clk 0:10:41]} Re6
{[%clk 0:11:20]} 20. Rad1 {[%clk 0:10:41]} c6 {[%clk 0:11:20]} 21. c4
{[%clk 0:10:43]} Rd8 {[%clk 0:10:25]} 22. Qb3 {[%clk 0:10:25]} Qc5
{[%clk 0:09:16]} 23. cxd5 {[%clk 0:08:58]} cxd5 {[%clk 0:08:45]} 24. Rd2
{[%clk 0:07:18]} Re5 {[%clk 0:06:53]} 25. Rc2 {[%clk 0:06:45]} Qd6
{[%clk 0:06:10]} 26. Rfc1 {[%clk 0:05:43]} d4 {[%clk 0:05:08]} 27. Rc6
{[%clk 0:05:44]} Re1+ {[%clk 0:05:08]} 28. Rxe1 {[%clk 0:05:47]} Qxc6
{[%clk 0:05:16]} 29. Qd3 {[%clk 0:05:25]} Qc5 {[%clk 0:04:34]} 30. Rd1
{[%clk 0:04:51]} Qd6 {[%clk 0:03:43]} 31. Re1 {[%clk 0:04:22]} Rc8
{[%clk 0:03:03]} 32. Qa6 {[%clk 0:03:34]} Rd8 {[%clk 0:02:30]} 33. Qd3
{[%clk 0:03:11]} Qc5 {[%clk 0:02:01]} 34. Rd1 {[%clk 0:02:49]} b5
{[%clk 0:01:45]} 35. Kf1 {[%clk 0:01:27]} Qe5 {[%clk 0:01:28]} 36. Re1
{[%clk 0:01:23]} Qh2 {[%clk 0:01:21]} 37. Qxb5 {[%clk 0:01:16]} Qh1+
{[%clk 0:01:24]} 38. Ke2 {[%clk 0:01:25]} Qxg2 {[%clk 0:01:22]} 39. Qf5
{[%clk 0:00:57]} d3+ {[%clk 0:01:06]} 40. Kd2 {[%clk 0:01:05]} Qc6
{[%clk 0:01:03]} 41. Rc1 {[%clk 0:01:13]} Qb6 {[%clk 0:01:08]} 42. b4
{[%clk 0:01:11]} Qd4 {[%clk 0:00:59]} 43. Rc8 {[%clk 0:00:39]} Qb2+
{[%clk 0:01:00]} 44. Ke3 {[%clk 0:00:47]} Qe2+ {[%clk 0:00:58]} 45. Kf4
{[%clk 0:00:50]} Qxf2+ {[%clk 0:01:06]} 46. Kg4 {[%clk 0:00:59]} Qxf5+
{[%clk 0:01:13]} 47. Kxf5 {[%clk 0:01:06]} Rxc8 {[%clk 0:01:22]} 0-1

[Event "d12"]
[Site "?"]
[Date "2020.08.28"]
[Round "10.5"]
[White "Moczala, Maja"]
[Black "Gaszka, Zuzanna"]
[Result "0-1"]
[BlackElo "1270"]
[WhiteElo "1290"]
[LiveChessVersion "1.4.8"]

1. e4 e5 2. Nf3 Nc6 3. Nc3 Nf6 4. d4 Bb4 5. Nxe5 Nxe5 6. dxe5 Nxe4 7. Bd2 Bxc3 8.
Bxc3 Nxc3 9. bxc3 Qe7 10. Qd4 d6 11. f4 dxe5 12. Qxe5 Qxe5+ 13. fxe5 O-O 14. Kf2
Re8 15. Re1 Be6 16. a3 Rad8 17. Bd3 c5 18. Re2 c4 19. Be4 Bg4 20. Bf3 Bxf3 21.
gxf3 Re6 22. f4 Ra6 23. Ra1 Kf8 24. Re4 Rd2+ 25. Re2 Rxe2+ 26. Kxe2 Rh6 27. Rh1
Rh3 28. Kd2 Rf3 29. a4 Rxf4 30. Ke3 g5 31. Rb1 b6 32. a5 bxa5 33. Ra1 Rh4 34.
Rxa5 Rxh2 35. Rxa7 Rxc2 36. Kd4 g4 37. Ra1 g3 38. Rg1 g2 39. Kxc4 Rd2 40. Kb3 h5
41. c4 h4 42. Kc3 Ra2 43. Kd3 h3 44. c5 h2 45. Rxg2 Rxg2 46. c6 h1=Q 47. c7 Qc1
48. Ke4 Qxc7 49. Kf3 Qc6+ 50. Ke3 Qc3+ 51. Ke4 Rg4+ 52. Kd5 Qc4+ 53. Kd6 Rd4# 0-1

[Event "d12"]
[Site "?"]
[Date "2020.08.28"]
[Round "10.6"]
[White "Kulczycka, Zofia"]
[Black "Pietryk, Joanna"]
[Result "0-1"]
[BlackElo "1234"]
[WhiteElo "1149"]
[LiveChessVersion "1.4.8"]

1. e4 {[%clk 0:15:18]} c5 {[%clk 0:15:19]} 2. Nf3 {[%clk 0:15:26]} d6
{[%clk 0:15:28]} 3. d4 {[%clk 0:15:35]} cxd4 {[%clk 0:15:36]} 4. Nxd4
{[%clk 0:15:42]} Nf6 {[%clk 0:15:44]} 5. Nc3 {[%clk 0:15:51]} a6 {[%clk 0:15:53]}
6. f4 {[%clk 0:15:50]} e6 {[%clk 0:15:38]} 7. Bd3 {[%clk 0:15:20]} Be7
{[%clk 0:15:26]} 8. Be3 {[%clk 0:14:56]} Nbd7 {[%clk 0:15:13]} 9. a4
{[%clk 0:14:04]} Qc7 {[%clk 0:14:36]} 10. O-O {[%clk 0:13:25]} b6
{[%clk 0:14:08]} 11. Kh1 {[%clk 0:12:06]} Bb7 {[%clk 0:13:28]} 12. Qe1
{[%clk 0:10:50]} Nc5 {[%clk 0:12:20]} 13. Bg1 {[%clk 0:10:31]} O-O
{[%clk 0:11:19]} 14. e5 {[%clk 0:09:44]} dxe5 {[%clk 0:09:57]} 15. Qxe5
{[%clk 0:09:15]} Bd6 {[%clk 0:09:02]} 16. Qe3 {[%clk 0:08:36]} Rfe8
{[%clk 0:07:15]} 17. Rae1 {[%clk 0:07:59]} e5 {[%clk 0:06:35]} 18. fxe5
{[%clk 0:08:06]} Bxe5 {[%clk 0:06:42]} 19. Qg5 {[%clk 0:07:30]} h6
{[%clk 0:06:05]} 20. Qf5 {[%clk 0:07:10]} Nxd3 {[%clk 0:05:37]} 21. Qxd3
{[%clk 0:07:11]} Rad8 {[%clk 0:05:19]} 22. Rd1 {[%clk 0:06:26]} Nh5
{[%clk 0:03:08]} 23. Qf5 {[%clk 0:05:30]} Nf4 {[%clk 0:02:31]} 24. Nf3
{[%clk 0:04:52]} Rxd1 {[%clk 0:01:28]} 25. Nxd1 {[%clk 0:04:27]} g6
{[%clk 0:00:42]} 26. Qg4 {[%clk 0:03:58]} Bc8 {[%clk 0:00:29]} 27. Qh4
{[%clk 0:03:49]} Bg7 {[%clk 0:00:18]} 28. Qf2 {[%clk 0:03:30]} Nd5
{[%clk 0:00:12]} 29. Qd2 {[%clk 0:02:51]} Bb7 {[%clk 0:00:11]} 30. c3
{[%clk 0:02:21]} Qc6 {[%clk 0:00:14]} 31. Qc2 {[%clk 0:02:11]} b5
{[%clk 0:00:11]} 32. axb5 {[%clk 0:02:11]} axb5 {[%clk 0:00:20]} 33. Bd4
{[%clk 0:01:43]} Bxd4 34. Nxd4 {[%clk 0:01:51]} Qb6 {[%clk 0:00:21]} 35. Qf2
{[%clk 0:01:47]} Qc7 {[%clk 0:00:19]} 36. Nxb5 {[%clk 0:01:40]} Qe7
{[%clk 0:00:21]} 37. Nd4 {[%clk 0:01:32]} Ba6 {[%clk 0:00:26]} 38. Rg1
{[%clk 0:01:28]} Qg5 {[%clk 0:00:25]} 39. h3 {[%clk 0:01:03]} Bb7
{[%clk 0:00:28]} 40. Rf1 {[%clk 0:01:02]} Re7 {[%clk 0:00:30]} 41. Qc2
{[%clk 0:00:39]} Nf4 {[%clk 0:00:20]} 42. Nf3 {[%clk 0:00:19]} Bxf3
{[%clk 0:00:19]} 43. Rxf3 {[%clk 0:00:25]} Re1+ {[%clk 0:00:26]} 44. Kh2
{[%clk 0:00:32]} Qe5 {[%clk 0:00:32]} 45. Nf2 {[%clk 0:00:12]} Re2
{[%clk 0:00:32]} 46. Ng4 {[%clk 0:00:13]} Qc7 {[%clk 0:00:20]} 47. Kh1
{[%clk 0:00:11]} Rxc2 {[%clk 0:00:26]} 0-1

[Event "d12"]
[Site "?"]
[Date "2020.08.28"]
[Round "10.7"]
[White "Palejko, Gabriela"]
[Black "Chiszko, Wiktoria"]
[Result "1/2-1/2"]
[BlackElo "1163"]
[WhiteElo "1263"]
[LiveChessVersion "1.4.8"]

1. e4 {[%clk 0:15:18]} e5 {[%clk 0:15:19]} 2. Nf3 {[%clk 0:15:27]} Nc6
{[%clk 0:15:28]} 3. Nc3 {[%clk 0:15:36]} Nf6 {[%clk 0:15:34]} 4. d4
{[%clk 0:15:45]} exd4 {[%clk 0:15:40]} 5. Nxd4 {[%clk 0:15:53]} g6
{[%clk 0:14:50]} 6. Nxc6 {[%clk 0:15:10]} dxc6 {[%clk 0:14:55]} 7. Qxd8+
{[%clk 0:15:16]} Kxd8 {[%clk 0:15:04]} 8. Bg5 {[%clk 0:15:25]} Be7
{[%clk 0:15:10]} 9. O-O-O+ {[%clk 0:15:01]} Bd7 {[%clk 0:15:14]} 10. Bc4
{[%clk 0:15:05]} Ke8 {[%clk 0:15:21]} 11. Bxf6 {[%clk 0:13:34]} Bxf6
{[%clk 0:15:28]} 12. Bxf7+ {[%clk 0:13:42]} Ke7 {[%clk 0:15:04]} 13. Bb3
{[%clk 0:13:35]} Rhf8 {[%clk 0:14:54]} 14. f3 {[%clk 0:13:38]} Bxc3
{[%clk 0:13:46]} 15. bxc3 {[%clk 0:13:46]} b5 {[%clk 0:13:43]} 16. Rd2
{[%clk 0:13:32]} Rad8 {[%clk 0:13:04]} 17. Rhd1 Bc8 18. Rxd8 {[%clk 0:11:32]}
Rxd8 {[%clk 0:13:21]} 19. Rxd8 {[%clk 0:11:41]} Kxd8 {[%clk 0:13:30]} 20. c4
{[%clk 0:11:49]} Ke7 {[%clk 0:13:37]} 21. c5 {[%clk 0:11:55]} a5 {[%clk 0:13:33]}
22. a4 {[%clk 0:11:38]} Kf6 {[%clk 0:13:40]} 23. Kd2 {[%clk 0:11:45]} Ke5
{[%clk 0:13:48]} 24. Ke3 {[%clk 0:11:50]} Bd7 {[%clk 0:13:51]} 25. f4+
{[%clk 0:11:36]} Kf6 {[%clk 0:13:59]} 26. Kd4 {[%clk 0:11:34]} h6
{[%clk 0:14:06]} 27. h3 {[%clk 0:11:21]} h5 {[%clk 0:13:59]} 28. c3
{[%clk 0:11:10]} Bc8 {[%clk 0:13:41]} 29. Ke3 {[%clk 0:09:51]} h4
{[%clk 0:12:55]} 30. Kd4 {[%clk 0:07:31]} Bd7 {[%clk 0:12:36]} 31. Ke3
{[%clk 0:06:41]} Bc8 {[%clk 0:12:41]} 32. Kf3 {[%clk 0:06:39]} Bd7
{[%clk 0:12:43]} 33. Ke3 {[%clk 0:06:32]} 1/2-1/2

[Event "d12"]
[Site "?"]
[Date "2020.08.28"]
[Round "11.1"]
[White "Wojs, Alicja"]
[Black "Szczotka, Klara"]
[Result "1/2-1/2"]
[BlackElo "1553"]
[WhiteElo "1432"]
[LiveChessVersion "1.4.8"]

1. e4 {[%clk 0:15:19]} c5 {[%clk 0:15:20]} 2. Nf3 {[%clk 0:15:28]} e6
{[%clk 0:15:29]} 3. c3 {[%clk 0:15:37]} Nf6 {[%clk 0:15:38]} 4. Bd3
{[%clk 0:15:44]} d6 {[%clk 0:15:43]} 5. Bc2 {[%clk 0:15:49]} a6 {[%clk 0:15:43]}
6. d4 {[%clk 0:15:42]} cxd4 {[%clk 0:15:52]} 7. cxd4 {[%clk 0:15:51]} b5
{[%clk 0:16:01]} 8. O-O {[%clk 0:15:58]} Bb7 {[%clk 0:16:10]} 9. Qe2
{[%clk 0:15:26]} Be7 {[%clk 0:16:16]} 10. Bf4 {[%clk 0:15:23]} Nbd7
{[%clk 0:16:20]} 11. Nbd2 {[%clk 0:15:18]} Rc8 {[%clk 0:16:26]} 12. Bd3
{[%clk 0:15:10]} O-O {[%clk 0:16:10]} 13. Rac1 {[%clk 0:15:11]} Nb6
{[%clk 0:15:04]} 14. Bg3 {[%clk 0:14:52]} Nh5 {[%clk 0:14:48]} 15. Rfe1
{[%clk 0:14:15]} Nxg3 {[%clk 0:14:56]} 16. hxg3 {[%clk 0:14:23]} Qd7
{[%clk 0:14:56]} 17. e5 {[%clk 0:13:51]} d5 {[%clk 0:14:02]} 18. Nh2
{[%clk 0:13:44]} Rxc1 {[%clk 0:13:28]} 19. Rxc1 {[%clk 0:13:48]} Rc8
{[%clk 0:13:37]} 20. Qd1 {[%clk 0:12:50]} Rxc1 {[%clk 0:13:19]} 21. Qxc1
{[%clk 0:12:58]} Qc8 {[%clk 0:13:27]} 22. Qxc8+ {[%clk 0:12:52]} Bxc8
{[%clk 0:13:36]} 23. Nhf3 {[%clk 0:12:50]} Nc4 {[%clk 0:13:42]} 24. b3
{[%clk 0:12:17]} Na5 {[%clk 0:13:24]} 25. Kf1 {[%clk 0:12:17]} Nc6
{[%clk 0:13:32]} 26. Ke2 {[%clk 0:12:03]} Bd8 {[%clk 0:13:39]} 27. a3
{[%clk 0:12:01]} Bb6 {[%clk 0:13:46]} 28. Ke3 {[%clk 0:11:57]} f6
{[%clk 0:13:52]} 29. exf6 {[%clk 0:11:59]} gxf6 {[%clk 0:14:01]} 30. b4
{[%clk 0:12:08]} e5 {[%clk 0:14:09]} 31. Bc2 {[%clk 0:11:43]} e4 {[%clk 0:13:58]}
32. Bb3 {[%clk 0:11:19]} Be6 {[%clk 0:13:58]} 33. Nxe4 {[%clk 0:11:15]} Kf7
{[%clk 0:13:38]} 34. Nc5 {[%clk 0:10:35]} Bxc5 {[%clk 0:13:46]} 35. bxc5
{[%clk 0:10:38]} Na5 {[%clk 0:13:34]} 36. Nd2 {[%clk 0:10:19]} Ke7
{[%clk 0:13:22]} 37. Bc2 {[%clk 0:10:22]} h6 {[%clk 0:13:22]} 38. f3
{[%clk 0:10:09]} Bd7 {[%clk 0:12:46]} 39. Bb3 {[%clk 0:09:31]} Be6
{[%clk 0:12:52]} 40. Bc2 {[%clk 0:09:41]} Bd7 {[%clk 0:13:01]} 41. g4
{[%clk 0:09:28]} Kf7 {[%clk 0:12:07]} 42. Bd1 {[%clk 0:09:08]} Kg6
{[%clk 0:11:07]} 43. Bc2+ {[%clk 0:09:05]} Kf7 {[%clk 0:11:13]} 44. g3
{[%clk 0:09:13]} Be6 {[%clk 0:09:38]} 45. Bd1 {[%clk 0:08:28]} Ke7
{[%clk 0:08:42]} 46. f4 {[%clk 0:08:24]} Kd7 {[%clk 0:07:26]} 47. Kd3
{[%clk 0:07:53]} Kc7 {[%clk 0:05:43]} 48. Kc3 {[%clk 0:07:43]} Nc6
{[%clk 0:04:53]} 49. f5 {[%clk 0:07:34]} Bf7 {[%clk 0:04:58]} 50. Nf3
{[%clk 0:07:41]} Na5 {[%clk 0:03:54]} 51. Be2 {[%clk 0:07:24]} Nc6
{[%clk 0:03:58]} 52. Nh4 {[%clk 0:07:28]} Ne7 {[%clk 0:02:35]} 53. a4
{[%clk 0:06:40]} bxa4 {[%clk 0:01:59]} 54. Bxa6 {[%clk 0:06:49]} Be8
{[%clk 0:02:08]} 55. Bd3 {[%clk 0:06:46]} Bd7 {[%clk 0:01:38]} 56. Bc2
{[%clk 0:06:05]} Kb7 {[%clk 0:01:12]} 57. Nf3 {[%clk 0:06:05]} Ka6
{[%clk 0:01:16]} 58. Kb4 {[%clk 0:05:52]} Nc6+ {[%clk 0:01:17]} 59. Ka3
{[%clk 0:05:56]} Ka5 60. Bxa4 Nxd4 1/2-1/2

[Event "d12"]
[Site "?"]
[Date "2020.08.28"]
[Round "11.2"]
[White "Sprzeczka, Emilia"]
[Black "Zielinska, Aleksandra"]
[Result "1/2-1/2"]
[BlackElo "1196"]
[WhiteElo "1381"]
[LiveChessVersion "1.4.8"]

1. e4 {[%clk 0:15:17]} c5 {[%clk 0:15:19]} 2. Nf3 {[%clk 0:15:23]} d6
{[%clk 0:15:28]} 3. d4 {[%clk 0:15:31]} cxd4 {[%clk 0:15:36]} 4. Nxd4
{[%clk 0:15:38]} Nf6 {[%clk 0:15:45]} 5. Nc3 {[%clk 0:15:47]} g6 {[%clk 0:15:51]}
6. Bc4 {[%clk 0:15:22]} Bg7 {[%clk 0:15:55]} 7. O-O {[%clk 0:15:03]} O-O
{[%clk 0:15:23]} 8. Be3 {[%clk 0:14:01]} Nxe4 {[%clk 0:14:22]} 9. Nxe4
{[%clk 0:13:49]} d5 {[%clk 0:14:27]} 10. Bd3 {[%clk 0:13:02]} dxe4
{[%clk 0:14:21]} 11. Bxe4 {[%clk 0:13:06]} a6 {[%clk 0:13:35]} 12. c3
{[%clk 0:12:38]} Qc7 {[%clk 0:13:36]} 13. Qc2 {[%clk 0:10:58]} Nc6
{[%clk 0:13:18]} 14. Nxc6 {[%clk 0:10:07]} bxc6 {[%clk 0:13:20]} 15. Rfd1
{[%clk 0:09:55]} Bb7 {[%clk 0:12:50]} 16. Rd2 {[%clk 0:09:21]} Rfd8
{[%clk 0:12:42]} 17. Rad1 {[%clk 0:09:17]} Rxd2 {[%clk 0:12:34]} 18. Rxd2
{[%clk 0:09:24]} Rd8 {[%clk 0:12:06]} 19. Qd1 {[%clk 0:09:22]} Rxd2
{[%clk 0:11:47]} 20. Qxd2 {[%clk 0:09:29]} Qd6 {[%clk 0:11:53]} 21. Bf3
{[%clk 0:07:04]} Qxd2 {[%clk 0:11:24]} 22. Bxd2 {[%clk 0:07:12]} f5
{[%clk 0:11:04]} 23. b4 {[%clk 0:05:53]} Kf7 {[%clk 0:11:03]} 24. Kf1
{[%clk 0:04:54]} e5 {[%clk 0:10:44]} 25. Be2 {[%clk 0:04:47]} Ke7
{[%clk 0:10:12]} 26. Bc4 {[%clk 0:04:14]} f4 {[%clk 0:09:39]} 27. f3
{[%clk 0:03:21]} Kd6 {[%clk 0:09:36]} 28. Ke2 {[%clk 0:02:53]} c5
{[%clk 0:08:44]} 29. a3 {[%clk 0:02:27]} cxb4 {[%clk 0:06:36]} 30. axb4
{[%clk 0:02:23]} g5 {[%clk 0:05:25]} 31. Bd3 {[%clk 0:01:56]} h6 {[%clk 0:05:03]}
32. c4 {[%clk 0:01:32]} Bf6 {[%clk 0:02:54]} 33. h3 {[%clk 0:00:52]} Bg7
{[%clk 0:02:50]} 34. Bg6 {[%clk 0:00:42]} Bh8 {[%clk 0:02:22]} 35. c5+
{[%clk 0:00:23]} Kc6 {[%clk 0:01:53]} 36. Be8+ {[%clk 0:00:31]} Kc7
{[%clk 0:01:49]} 37. Bc3 {[%clk 0:00:20]} Bg7 {[%clk 0:01:16]} 38. Kd3
{[%clk 0:00:16]} e4+ {[%clk 0:00:51]} 39. fxe4 {[%clk 0:00:18]} Bxc3
{[%clk 0:00:59]} 40. c6 {[%clk 0:00:15]} Bxc6 41. Bxc6 Kxc6 42. Kxc3 h5 43. Kd4
1/2-1/2

[Event "d12"]
[Site "?"]
[Date "2020.08.28"]
[Round "11.3"]
[White "Gaszka, Zuzanna"]
[Black "Seemann, Pola"]
[Result "1/2-1/2"]
[BlackElo "1226"]
[WhiteElo "1270"]
[LiveChessVersion "1.4.8"]

1. e4 {[%clk 0:15:19]} e5 {[%clk 0:15:19]} 2. Nf3 {[%clk 0:15:27]} Nc6
{[%clk 0:15:28]} 3. d4 {[%clk 0:15:35]} exd4 {[%clk 0:15:36]} 4. Bc4
{[%clk 0:15:43]} Nf6 {[%clk 0:15:44]} 5. O-O {[%clk 0:15:51]} Nxe4
{[%clk 0:15:52]} 6. Re1 {[%clk 0:15:59]} d5 {[%clk 0:16:01]} 7. Bxd5
{[%clk 0:16:07]} Qxd5 {[%clk 0:16:09]} 8. Nc3 {[%clk 0:16:16]} Qh5
{[%clk 0:16:16]} 9. Nxe4 {[%clk 0:16:23]} Be6 {[%clk 0:16:14]} 10. Bg5
{[%clk 0:16:31]} Be7 {[%clk 0:15:48]} 11. Bxe7 {[%clk 0:16:03]} Nxe7
{[%clk 0:15:36]} 12. Neg5 {[%clk 0:15:24]} O-O-O {[%clk 0:15:07]} 13. Nxe6
{[%clk 0:15:10]} fxe6 {[%clk 0:15:01]} 14. Rxe6 {[%clk 0:14:47]} Nc6
{[%clk 0:14:58]} 15. Qe2 {[%clk 0:13:41]} Qf5 {[%clk 0:12:39]} 16. a3
{[%clk 0:11:41]} d3 {[%clk 0:12:19]} 17. cxd3 {[%clk 0:11:29]} Qxd3
{[%clk 0:12:04]} 18. Qxd3 {[%clk 0:10:31]} Rxd3 {[%clk 0:12:13]} 19. Rae1
{[%clk 0:10:07]} Rhd8 {[%clk 0:12:07]} 20. Kf1 {[%clk 0:09:47]} Rd1
{[%clk 0:11:14]} 21. h4 {[%clk 0:07:39]} Rxe1+ {[%clk 0:10:45]} 22. Kxe1
{[%clk 0:07:20]} Kd7 {[%clk 0:10:30]} 23. Re4 {[%clk 0:06:53]} Re8
{[%clk 0:10:24]} 24. Rxe8 {[%clk 0:06:56]} Kxe8 {[%clk 0:10:33]} 25. Ng5
{[%clk 0:06:43]} Na5 {[%clk 0:10:26]} 26. Ne6 {[%clk 0:05:52]} Kd7
{[%clk 0:10:10]} 27. Nxg7 {[%clk 0:05:58]} Nc4 {[%clk 0:10:19]} 28. g4
{[%clk 0:05:40]} Nxb2 {[%clk 0:10:18]} 29. g5 {[%clk 0:05:21]} Nd3+
{[%clk 0:09:52]} 30. Ke2 {[%clk 0:05:27]} Nf4+ {[%clk 0:09:56]} 31. Kf3
{[%clk 0:05:28]} Ne6 {[%clk 0:09:38]} 32. Nxe6 {[%clk 0:05:25]} Kxe6
{[%clk 0:09:46]} 33. Ke4 {[%clk 0:05:24]} a5 {[%clk 0:09:43]} 34. f4
{[%clk 0:05:30]} b5 {[%clk 0:09:49]} 35. f5+ {[%clk 0:05:36]} Kf7
{[%clk 0:09:58]} 36. h5 {[%clk 0:05:07]} b4 {[%clk 0:08:42]} 37. axb4
{[%clk 0:05:12]} axb4 {[%clk 0:08:51]} 38. g6+ {[%clk 0:02:30]} hxg6
{[%clk 0:08:51]} 39. hxg6+ {[%clk 0:02:12]} Kf6 {[%clk 0:08:53]} 40. Kd3 1/2-1/2